000 00700nam a2200229Ia 4500
001 9637
003 GE_BSU
008 181216s||||||||xx |||||||||||||| ||und||
040 _cGE_BSU
080 _a821.353.1-31
100 _aმრელაშვილი,ლადო
245 _aყაბახი
245 _bრომანი
245 _cრედ.თამარ დაუშვილი,მხატვ.აკაკი თევზაძე
260 _aთბილისი
260 _bსაბჭოთა საქართველო
260 _c1978
300 _a903გვ.20სმ.
653 _aრომანი
653 _aყაბახი
942 _cBK
999 _c42921
_d42921